La cebra Camila / (Record no. 27615)

MARC details
000 -LEADER
fixed length control field 01407cam a2200385Ia 4500
001 - CONTROL NUMBER
control field 45666284
003 - CONTROL NUMBER IDENTIFIER
control field OCoLC
005 - DATE AND TIME OF LATEST TRANSACTION
control field 20221223222912.0
008 - FIXED-LENGTH DATA ELEMENTS--GENERAL INFORMATION
fixed length control field 010105r20112000sp a j 000 1 spa d
020 ## - INTERNATIONAL STANDARD BOOK NUMBER
International Standard Book Number 8495123606
020 ## - INTERNATIONAL STANDARD BOOK NUMBER
International Standard Book Number 9788495123602
040 ## - CATALOGING SOURCE
Original cataloging agency KLC
Language of cataloging eng
Transcribing agency KLC
Modifying agency DPL
-- JQJ
-- PL#
-- TEF
-- BAKER
-- IQU
-- YOL
041 1# - LANGUAGE CODE
Language code of text/sound track or separate title spa
Language code of original por
050 #4 - LIBRARY OF CONGRESS CALL NUMBER
Classification number PZ76.3
Item number Ce 2000
092 ## - LOCALLY ASSIGNED DEWEY CALL NUMBER (OCLC)
Classification number SP E NUN
100 1# - MAIN ENTRY--PERSONAL NAME
Personal name Nunez, Marisa.
240 10 - UNIFORM TITLE
Uniform title <a href="Cebra Camila.">Cebra Camila.</a>
Language of a work Spanish.
245 13 - TITLE STATEMENT
Title La cebra Camila /
Statement of responsibility, etc. Marisa Nunez, Oscar Villan.
260 ## - PUBLICATION, DISTRIBUTION, ETC. (IMPRINT)
Place of publication, distribution, etc. Pontevedra :
Name of publisher, distributor, etc. Kalandraka,
Date of publication, distribution, etc. c2000.
300 ## - PHYSICAL DESCRIPTION
Extent 24 unnumbered pages :
Other physical details color illustrations ;
Dimensions 23 cm.
336 ## - CONTENT TYPE
Content type term text
Content type code txt
Source rdacontent.
337 ## - MEDIA TYPE
Media type term unmediated
Media type code n
Source rdamedia.
338 ## - CARRIER TYPE
Carrier type term volume
Carrier type code nc
Source rdacarrier.
490 1# - SERIES STATEMENT
Series statement Libros para sonar
500 ## - GENERAL NOTE
General note Original title in Portuguese : "A cebra Camila".
520 ## - SUMMARY, ETC.
Summary, etc. Camila does not listen to her mother and goes outside without her suspenders and pants. A strong wind comes and blows her stripes in all directions. The other animals come to her aid.
526 0# - STUDY PROGRAM INFORMATION NOTE
Program name Accelerated Reader AR
Interest level LG
Reading level 4.3
Title point value 0.5
Public note 56504.
650 #0 - SUBJECT ADDED ENTRY--TOPICAL TERM
Topical term or geographic name as entry element Zebras
Form subdivision Juvenile fiction.
650 #0 - SUBJECT ADDED ENTRY--TOPICAL TERM
Topical term or geographic name as entry element Spanish language materials
Form subdivision Juvenile fiction.
650 #7 - SUBJECT ADDED ENTRY--TOPICAL TERM
Topical term or geographic name as entry element Cebras
Form subdivision Novela juvenil.
Source of heading or term bidex.
655 #7 - INDEX TERM--GENRE/FORM
Genre/form data or focus term Picture books.
Source of term lcgft.
700 1# - ADDED ENTRY--PERSONAL NAME
Personal name Villan, Oscar.
830 #0 - SERIES ADDED ENTRY--UNIFORM TITLE
Uniform title Coleccion Libros para sonar.
942 ## - ADDED ENTRY ELEMENTS (KOHA)
Koha item type Libro/Book
Source of classification or shelving scheme Dewey Decimal Classification
Holdings
Withdrawn status Lost status Damaged status Not for loan Home library Current library Date acquired Total Checkouts Barcode Date last seen Date checked out Price effective from Koha item type Inventory number Full call number Checked out
        La Puerta Biblioteca -- Satellite La Puerta Biblioteca -- Satellite 14/03/2021 2 40302301 17/01/2026 27/04/2021 14/03/2021 Libro/Book      
        San Juan Del Sur -- Mobile Pochote 09/02/2023 1 30029727 17/03/2026 17/03/2026 09/02/2023 Libro/Book Inventory date: 15-5-25 JI 21/04/2026
        San Juan Del Sur -- Mobile Pochote 09/02/2023 1 30029726 17/03/2026 17/03/2026 09/02/2023 Libro/Book Inventory date: 1-2-25 JI 21/04/2026
        San Juan Del Sur -- Mobile San Juan Del Sur -- Mobile 10/02/2025   33017129 10/02/2025   10/02/2025 Libro/Book Inventory date: 10-2-25 JI  

Powered by Koha